De mi barrio, a tu barrio : (Record no. 389)

MARC details
000 -LEADER
campo de control de longitud fija 01055cam a2200325Ii 4500
001 - NÚMERO DE CONTROL
campo de control 9682250
005 - FECHA Y HORA DE LA ÚLTIMA TRANSACCIÓN
campo de control 20220326193308.0
008 - DATOS DE LONGITUD FIJA--INFORMACIÓN GENERAL
campo de control de longitud fija 120914s2012 gw a 000 0 spa d
020 ## - NÚMERO INTERNACIONAL ESTÁNDAR DEL LIBRO
Número Internacional Estándar del Libro 9783943061147
020 ## - NÚMERO INTERNACIONAL ESTÁNDAR DEL LIBRO
Número Internacional Estándar del Libro 3943061140
035 ## - NÚMERO DE CONTROL DEL SISTEMA
Número de control de sistema (OCoLC)809614818
035 ## - NÚMERO DE CONTROL DEL SISTEMA
Número de control de sistema (OCoLC)ocn809614818
035 ## - NÚMERO DE CONTROL DEL SISTEMA
Número de control de sistema (NNC)9682250
040 ## - FUENTE DE CATALOGACIÓN
Centro catalogador/agencia de origen ZCU
Normas de descripción rda
Centro/agencia transcriptor ZCU
Centro/agencia modificador ZCU
041 0# - CÓDIGO DE IDIOMA
Código de lengua del texto/banda sonora o título independiente spa
-- eng
043 ## - CÓDIGO DE ÁREA GEOGRÁFICA
Código de área geográfica n-mx---
-- cc-----
082 ## - NÚMERO DE LA CLASIFICACIÓN DECIMAL DEWEY
Número de clasificación 751.73
Número de ítem L716b
110 ## - ENTRADA PRINCIPAL--NOMBRE DE ENTIDAD CORPORATIVA
Nombre de entidad corporativa o nombre de jurisdicción como elemento de entrada Instituto Goethe México.
9 (RLIN) 1851
245 00 - MENCIÓN DEL TÍTULO
Título De mi barrio, a tu barrio :
Resto del título streetart in Mexico, Central America and the Caribbean /
Mención de responsabilidad, etc. editor: Goethe-Institut Mexiko.
246 30 - FORMA VARIANTE DEL TITULO
Título propio/Titulo breve Streetart in Mexico, Central American and the Caribbean
250 ## - MENCION DE EDICION
Mención de edición First edition.
300 ## - DESCRIPCIÓN FÍSICA
Extensión 244 pages :
Otras características físicas color illustrations ;
Dimensiones 24 cm
546 ## - NOTA DE IDIOMA
Nota de lengua/lenguaje Spanish and English.
650 #0 - PUNTO DE ACCESO ADICIONAL DE MATERIA--TÉRMINO DE MATERIA
Término de materia o nombre geográfico como elemento de entrada Street art
Subdivisión geográfica Mexico.
9 (RLIN) 1852
650 #0 - PUNTO DE ACCESO ADICIONAL DE MATERIA--TÉRMINO DE MATERIA
Término de materia o nombre geográfico como elemento de entrada Street art
Subdivisión geográfica Caribbean Area.
9 (RLIN) 1853
710 2# - ENTRADA AGREGADA--NOMBRE DE ENTIDAD CORPORATIVA
Nombre de entidad corporativa o nombre de jurisdicción como elemento de entrada Instituto Goethe México.
9 (RLIN) 1854
948 0# - PROCESAMIENTO DE INFORMACIÓN LOCAL (OCLC); DESIGNADOR DE PARTE DE LA SERIE (RLIN)
Designador de la parte de la serie, SPT (RLIN) 20121023
b (OCLC) b
c (OCLC) rhg9
d (OCLC) OSMC
948 1# - PROCESAMIENTO DE INFORMACIÓN LOCAL (OCLC); DESIGNADOR DE PARTE DE LA SERIE (RLIN)
Designador de la parte de la serie, SPT (RLIN) 20121119
b (OCLC) o
c (OCLC) iw2117
d (OCLC) OSMC
Holdings
Estatus retirado Estado de pérdida Fuente del sistema de clasificación o colocación Estado de daño No para préstamo Biblioteca de origen Biblioteca actual Ubicación en estantería Fecha de adquisición Total de préstamos Signatura topográfica completa Código de barras Visto por última vez Precio de reemplazo Tipo de ítem Koha
    Clasificación Decimal Dewey     Biblioteca LadoV Biblioteca LadoV   08/12/2014   751.73 L716b 000287 08/12/2014 08/12/2014 Material 01